Normal view
MARC view
Entry Personal Name
001 - CONTROL NUMBER
- control field: 1591069
003 - CONTROL NUMBER IDENTIFIER
- control field: NLI
005 - DATE AND TIME OF LATEST TRANSACTION
- control field: 20241226101454.0
008 - FIXED-LENGTH DATA ELEMENTS
- fixed length control field: 241226|| aca||aabn | a|a d
040 ## - CATALOGING SOURCE
- Original cataloging agency: NLI
- Transcribing agency: NLI
100 ## - HEADING--PERSONAL NAME
- Personal name: Klingender , F.D
670 ## - SOURCE DATA FOUND
- Source citation: Work cat.: (NLI)1648896: 880-01 Klingender , F.D., Marxism and modern art :, 1975
